Online Catalogue and eLibrary

En anupavankal : (Record no. 970)

MARC details
000 -LEADER
fixed length control field 00403nam a2200145Ia 4500
005 - DATE AND TIME OF LATEST TRANSACTION
control field 20250424015436.0
008 - FIXED-LENGTH DATA ELEMENTS--GENERAL INFORMATION
fixed length control field 240331s9999 xx 000 0 und d
082 ## - DDC Classification
Class No. 300
Item Number - Author Mark AND
100 ## - MAIN ENTRY--PERSONAL NAME
Personal name Andi, R
245 #0 - TITLE STATEMENT
Title En anupavankal :
Remainder of title cultural frictions and changes
260 ## - PUBLICATION, DISTRIBUTION, ETC.
Place of publication, distribution, etc. Tamil Nadu
Name of publisher, distributor, etc. Oviakil Pathippakam
Date of publication, distribution, etc. 2002
300 ## - PHYSICAL DESCRIPTION
Extent (e.g. Volumes, Pages etc.) XVi, 174 p .,
500 ## - GENERAL NOTE
General note Cultural Frictions and Social Changes
942 ## - Koha item type (Biblio)
Koha item type Books in Stacks (Lending)
Holdings
Lost status Damaged status Collection code Home library Current library Shelving location Date acquired Full call number Accession Number Item type
    Lending WERC Library WERC Library Social Science Cupboard 03/31/2024 300 AND 5450 Books in Stacks (Lending)

© WERC Library